Jackson Myszak - Statistics

General Stats
  • This quiz has been taken 3 times
  • The average score is 4 of 15
Answer Stats
Questions Answer % Correct
How old is he? 15
100%
Does he like Baseball? No
67%
Can Riley bench 95lbs? No
67%
Is Ryder BIGGGG? Yes
67%
How tall is he? 5"8
33%
What's his favorite sport? Football
33%
What's his brother's name? Levi
33%
What's his football position on offense? Running back
33%
What sports does he play? Baseball, Basketball, Football
0%
Baseball Position? Center Field
0%
What's his dads name Dan
0%
What is his name? Jackson Christopher Myszak
0%
What's his moms name Nikki
0%
What's his birthday? October 7, 2008
0%
What position his he in Basketball? Shooting Guard
0%
No matching quizzes found
Score Distribution
Percent of People with Each Score
Percentile by Number Answered
Your Score History
You have not taken this quiz